Obálka Náhled e-knihy:
PDF Epub
Pro půjčování e-knih musíte být přihlášeni.
Jak si půjčit online?

Kočičí válečníci : superedice. Putování Ohnivého měsíce /

Po skončení první série se opět setkáváme se známými kočkami. Ohnivý měsíc se zde vydává za odhalením dávno zapomenutých křivd.

Uloženo v:
Série:Kočičí válečníci: Superedice, část 1
Hlavní autor: Hunter, Erin (Autor)
Další autoři: Krenželoková, Beata, 1995- (Autor)
Médium: E-kniha
Jazyk:Czech
Vydáno: V Praze : Albatros, 2022
Vydání:1. vydání
Témata:
Příbuzné jednotky:Z cyklu:: Kočičí válečníci: Superedice
Tagy:
Žádné tagy
LEADER 02709nam a2200541 i 4500
001 311722
003 CZ PrSKC
005 20260601215710.0
007 ta
008 221107s2022 xr c 000 f cze
015 |a cnb003467515 
020 |a 9788000069098  |q (brožováno) :  |c Kč 349,00 
035 |a (OCoLC)1369541299 
040 |a ABG001  |b cze  |d ABA001  |e rda 
041 1 |a cze  |h eng 
072 7 |a 821.111-3  |x Anglická próza, anglicky psaná  |2 Konspekt 
072 7 |a 821-93  |x Literatura pro děti a mládež (beletrie)  |2 Konspekt 
080 |a 821.111-31  |2 MRF 
080 |a 821-93  |2 MRF 
080 |a (0:82-312.9)  |2 MRF 
100 1 |a Hunter, Erin  |7 mzk2006363422  |4 aut 
240 1 0 |a Firestar's quest.  |l Česky 
245 1 0 |a Kočičí válečníci :  |b superedice.  |p Putování Ohnivého měsíce /  |c Erin Hunterová ; přeložila Beata Krenželoková 
246 3 0 |a Putování Ohnivého měsíce 
250 |a 1. vydání 
264 1 |a V Praze :  |b Albatros,  |c 2022 
300 |a 431 stran ;  |c 21 cm 
336 |a text  |b txt  |2 rdacontent 
337 |a bez média  |b n  |2 rdamedia 
338 |a svazek  |b nc  |2 rdacarrier 
500 |a Přeloženo z angličtiny 
520 2 |a Po skončení první série se opět setkáváme se známými kočkami. Ohnivý měsíc se zde vydává za odhalením dávno zapomenutých křivd.  |b Postrach byl poražen, mezi klany vládne mír a zdá se, že kočkám nic nechybí. Pak ale Ohnivý měsíc, uznávaný velitel Hromového klanu, zjistí něco, co nikdo nečekal - jejich válečničtí předkové jim lhali. V lese nebyly vždy čtyři klany... A Hvězdný klan to ví. Proč o tom zarytě mlčí? Nakladatelská anotace. Kráceno. 
521 8 |a Pro čtenáře od 9 let 
655 7 |a anglické romány  |7 fd131814  |2 czenas 
655 7 |a fantasy romány  |7 fd184199  |2 czenas 
655 7 |a publikace pro děti  |7 fd133156  |2 czenas 
655 9 |a English fiction  |2 eczenas 
655 9 |a fantasy novels  |2 eczenas 
655 9 |a children's literature  |2 eczenas 
700 1 |a Krenželoková, Beata,  |d 1995-  |7 xx0243991  |4 trl 
765 1 |t Super edition warriors 
787 0 8 |i Z cyklu:  |t Kočičí válečníci: Superedice  |g 1 
900 |a ABA001  |b 21 
928 9 |a Albatros Media - Albatros 
044 |a xr 
910 |a RBIT002 
998 |d 362597  |a https://core.palmknihy.cz/api/books/362597/cover?si771r  |b https://core.palmknihy.cz/api/books/362597/cover/400?si771r  |c https://core.palmknihy.cz/api/books/362597/cover/50?si771r  |e 2026-06-16  |g 440  |i 9788000069098  |j https://core.palmknihy.cz/api/books/362597/preview.epub  |k https://core.palmknihy.cz/api/books/362597/preview.pdf  |l   |q 49  |r 1  |s https://www.palmknihy.cz/kniha/362597  |t ebook  |y 2022  |z 0  |v Kočičí válečníci  |w 0 
999 |d 311720